00848 2200289 4500001002100000005001500021035002000036007000300056008004100059020002200100040002200122082001400144084001600158090002200174100004000196245004100236300004300277650002300320700004200343850001200385264004300397336002100440337003000461338002300491999002200514990002200536INLIS00000000087764120230330101213 a0010-0323000908ta230330s2022 yoia b 1 ind d a978-623-88031-5-6 aYOPDYOGbinderda04223a028.5 a028.5 WAS r aCB-D.11 2022-29260 aWaskito Aji Suryo Putro,ePengarang10aRoti untuk pak sopir /cCika Fauziah a36 halaman :bgambar berwarna ;c15 cm 4aBacaan kanak-kanak0 aWahyu Retno Widiyaningsih,ePengarang aYOPDYOG31aBantul :bKaizen Sarana Edukasi,c2022 2rdacontentateks 2rdamediaatanpa perantara 2rdacarrieravolume aCB-D.11/2022-2926 aCB-D.11/2022-2926